Tightening the belt?: Scotland gets a community-based green belt alliance (Record no. 74954)

MARC details
000 -LEADER
fixed length control field 01506cam a2200241 4500
001 - CONTROL NUMBER
control field ABS68852
008 - FIXED-LENGTH DATA ELEMENTS--GENERAL INFORMATION
fixed length control field 050321n2005 000 0 eng u
035 ## - SYSTEM CONTROL NUMBER
System control number (Sirsi) u129115
100 ## - MAIN ENTRY--PERSONAL NAME
Personal name Jackson, T.
245 ## - TITLE STATEMENT
Title Tightening the belt?: Scotland gets a community-based green belt alliance
260 ## - PUBLICATION, DISTRIBUTION, ETC.
Date of publication, distribution, etc. 2005
490 ## - SERIES STATEMENT
Series statement Scottish Planner
Volume/sequential designation (103) February 2005, 8(1)
520 ## - SUMMARY, ETC.
Summary, etc. Looks at "The future of green belts in Scotland", a report by the recently formed Scottish Green Belt Alliance (SGBA), a loose association of community based groups seeking to update policy from the perspective of communities. The Scottish Executive is currently revising its 1985 guidance on green belts, "Development in the countryside and green belts". The SGBA report reviews the purposes of green belts and the pressures eroding their effectiveness, examines various spatial models and puts forward it's own ideas for a revised green belt policy. It envisages green belts as inherently compatible with the aims of sustainability and bio-diversity and promotes criterion-based reviews of green belts. View the report at www.greenbelts.ukos.com.
590 ## - LOCAL NOTE (RLIN)
Local note ABS
650 ## - SUBJECT ADDED ENTRY--TOPICAL TERM
Topical term or geographic name entry element GREEN BELTS
650 ## - SUBJECT ADDED ENTRY--TOPICAL TERM
Topical term or geographic name entry element GREEN BELT POLICY
650 ## - SUBJECT ADDED ENTRY--TOPICAL TERM
Topical term or geographic name entry element LOCAL COMMUNITIES
650 ## - SUBJECT ADDED ENTRY--TOPICAL TERM
Topical term or geographic name entry element SCOTLAND
650 ## - SUBJECT ADDED ENTRY--TOPICAL TERM
Topical term or geographic name entry element Sustainability
9 (RLIN) 6271
690 ## - LOCAL SUBJECT ADDED ENTRY--TOPICAL TERM (OCLC, RLIN)
Topical term or geographic name as entry element ENVIRONMENTAL AND LAND CONSULTANCY-PLANNING AND DEVELOPMENT
856 ## - ELECTRONIC LOCATION AND ACCESS
Uniform Resource Identifier <a href="https://www.greenbelts.ukos.com/greenbeltfuture.php">https://www.greenbelts.ukos.com/greenbeltfuture.php</a>
Public note View the report on the SGBA website...
942 ## - ADDED ENTRY ELEMENTS (KOHA)
Suppress in OPAC 0
Holdings
Withdrawn status Lost status Source of classification or shelving scheme Damaged status Not for loan Home library Current library Shelving location Date acquired Total Checkouts Full call number Barcode Date last seen Copy number Price effective from Koha item type
    Dewey Decimal Classification     London London Journal article 21/03/2005   ABS68852 129115-1001 06/08/2019 1 06/08/2019 Journal article